000 01270cam a2200289 4500
999 _c533816
_d533816
001 1709628
003 NUST
005 20200121151355.0
008 710804s1971 nyu b 000 1 eng
010 _a 70144199
020 _a006013173X
038 _aMSOHAIL
040 _aDLC
_cDLC
_dDLC
050 0 0 _aPZ3.H77844
_bNm
_aPS3515.O6455
082 0 0 _a813.52
100 1 _aWoolrich, Cornell,
_d1903-1968.
_927806
245 1 0 _aNightwebs;
_ca collection of stories by Cornell Woolrich. Edited by Francis M. Nevins, Jr.
250 _a[1st ed.]
260 _aNew York,
_bHarper & Row
_c[1988]
300 _axxxiv, 362 p.
_c22 cm.
350 _a$8.95
505 0 _aGraves for the living.--The red tide.--The corpse next door.--You'll never see me again.--Dusk to dawn.--Murder at the automat.--Death in the air.--Mamie 'n' me.--The screaming laugh.--One and a half murders.--Dead on her feet.--One night in Barcelona.--The penny-a-worder.--The number's up.--Too nice a day to die.--Life is weird sometimes.--Cornell Woolrich: a checklist, by H. Knott, F. M. Nevins, Jr., W. Thailing (p. 478-510)
650 0 _aHorror tales, American.
_98045
700 1 _aNevins, Francis M.,
_eed.
_927807
906 _a7
_bcbc
_corignew
_d2
_encip
_f19
_gy-gencatlg
942 _2ddc
_cBK